Coal ash utilization : fly ash, bottom ash, and slag /

Bibliographic Details
Other Authors: Torrey, S.
Format: Book
Language:English
Published: Park Ridge, N.J. : Noyes Data Corp., 1978.
Series:Pollution technology review ; no. 48.
Subjects:

MARC

Tag First Indicator Second Indicator Subfields
LEADER 00000cam a2200000 i 4500
001 in00000083994
005 20151008054354.0
008 790515s1978 njua b 00000 eng
010 |a  78062525  
020 |a 0815507224 :  |c $39.00 
035 |a (OCoLC)04326163 
035 |9 AAJ0463AM 
040 |a DLC  |c DLC  |d TXA  |d UtOrBLW 
049 |a TXAM  |c [1502074] 
050 0 0 |a TA455.A63  |b C63 1978 
082 0 |a 662/.62 
245 0 0 |a Coal ash utilization :  |b fly ash, bottom ash, and slag /  |c edited by S. Torrey. 
264 1 |a Park Ridge, N.J. :  |b Noyes Data Corp.,  |c 1978. 
300 |a xiv, 370 pages :  |b illustrations ;  |c 25 cm. 
336 |a text  |b txt  |2 rdacontent 
337 |a unmediated  |b n  |2 rdamedia 
338 |a volume  |b nc  |2 rdacarrier 
490 1 |a Pollution technology review,  |v no. 48 
504 |a Bibliography: page 370. 
650 0 |a Coal ash. 
650 0 |a Aggregates (Building materials) 
650 0 |a Ash disposal. 
700 1 |a Torrey, S. 
830 0 |a Pollution technology review ;  |v no. 48. 
999 |a MARS 
999 f f |s 70c048ad-e32a-3153-8b0d-aee67afd8159  |i 59b1a50c-8864-30ab-ac6a-1bdc3fa5b0e0  |t 0 
952 f f |p normal  |a Texas A&M University  |b College Station  |c Sterling C. Evans Library  |d Evans: Library Stacks  |t 0  |e TA455.A63 C63 1978  |h Library of Congress classification  |i unmediated -- volume  |m A14806242762 
998 f f |a TA455.A63 C63 1978  |t 0  |l Evans: Library Stacks